Indian desserts by images - Statistics

General Stats
  • This quiz has been taken 24 times
  • The average score is 5 of 10
Answer Stats
Picture Answer % Correct
Gulab Jamun
90%
Jalebi
90%
Kulfi
81%
Rasgulla
67%
Rasmalai
62%
Laddu
48%
Kheer
43%
Barfi
29%
Mysore Pak
24%
Khaja
5%
No matching quizzes found
Score Distribution
Percent of People with Each Score
Percentile by Number Answered
Your Score History
You have not taken this quiz